01031nam a22001097a 4500008004100000100002300041245007600064260003800140300003200178520067300210773003800883220214b ||||| |||| 00| 0 eng d aSen, Rathindra P.  aRole of judiciary and government on major polluting industries in India aThe Indian Journal of Economics  a400(101), Jul, 2020: p.1-30 aAmong the issues of international relations pertaining to current and perspective world problems and challenges that of the impact of Judiciary and government on environmental degradation due to the polluting industries claims a prominent place. Concern about this problem is hardly new, but it has grown world-wide only during the past one and a half decades. During this period, the problems of environmental degradation of the underprivileged economies came to be regarded as one of world’s major challenges. Indeed, modern India needs growth i.e. jobs coupled with social justice, and obviously, due care of environment from polluting industries. – Reproduced  aThe Indian Journal of Economics